History of the Islamic peoples : With a review of events, 1939-1947

This book introduce about rise and development of the Islamic peoples and states is described here with vididness, clarity, consiseness, and skill. The results of the latest research have been taken into account. The whole of this vast material is logically and usefully organized.

Kaydedildi:
Detaylı Bibliyografya
Yazar: Brockelmann, Carl
Materyal Türü: Kitap
Dil:Undetermined
Baskı/Yayın Bilgisi: New York G. P. Putnam's Sons 1947
Konular:
Etiketler: Etiketle
Etiket eklenmemiş, İlk siz ekleyin!
Thư viện lưu trữ: Trung tâm Học liệu Trường Đại học Cần Thơ
LEADER 00920nam a2200217Ia 4500
001 CTU_227685
008 210402s9999 xx 000 0 und d
082 |a 297.09 
082 |b B864 
100 |a Brockelmann, Carl 
245 0 |a History of the Islamic peoples : 
245 0 |b With a review of events, 1939-1947 
245 0 |c Moshe Perlmann ; Translated by Joel Carmichael, Moshe Perlmann 
260 |a New York 
260 |b G. P. Putnam's Sons 
260 |c 1947 
520 |a This book introduce about rise and development of the Islamic peoples and states is described here with vididness, clarity, consiseness, and skill. The results of the latest research have been taken into account. The whole of this vast material is logically and usefully organized. 
650 |a Islam,Hồi giáo 
650 |x History,Lịch sử 
910 |b dqhieu 
980 |a Trung tâm Học liệu Trường Đại học Cần Thơ